00378nam a2200121Ia 450000500170000000800410001702000180005808200230007610000230009924500930012226000290021530000120024420250531102203.0231217s9999 xx 000 0 und d a9780385500715 a658.4038 STE;1 R aStewart, Thomas A. 4aThe wealth of knowledge : intellectual capital and the twenty-first century organization c2001bCurrencyaNew York axx, 379